Logo BPK

Biblioteka

Politechniki Koszalińskiej

Podstawy ekonomii matematycznej : (Rekord nr 52393)

Szczegóły MARC
000 -ETYKIETA REKORDU
podpole kontrolne o stałej długości 00875nam a2200253 i 4500
001 - NUMER KONTROLNY REKORDU
pole kontrolne bg
020 ## - MIĘDZYNARODOWY ZNORMALIZOWANY NUMER KSIĄŻKI - ISBN
ISBN 8388222929
040 ## - ŹRÓDŁO KATALOGOWANIA
Instytucja, która utworzyła rekord BPK
041 0# - KOD JĘZYKA
Kod języka tekstu pol
080 ## - UNIWERSALNA KLASYFIKACJA DZIESIĘTNA - UKD
UKD 330.43(075.8)
920 ## - Międzynarodowy znormalizowany numer książki – ISBN
ISBN 83-88222-92-9
008 - POLE O STAŁEJ DŁUGOŚCI - DANE KONTROLNE
podpole kontrolne o stałej długości s pl f |000 0 pol
245 00 - TYTUŁ/ODPOWIEDZIALNOŚĆ
Tytuł Podstawy ekonomii matematycznej :
Ciąg dalszy tytułu materiały do ćwiczeń /
Pozostałe elementy strefy tytułu i oznaczenia odpowiedzialności red. nauk. Emil Panek.
250 ## - STREFA WYDANIA
Oznaczenie wydania Wyd. 3 popr.
260 ## - STREFA ADRESU WYDAWNICZEGO
Miejsce wydania Poznań :
Nazwa wydawcy/dystrybutora Wydawnictwo Akademii Ekonomicznej,
Data publikacji, dystrybucji/powstania dokumentu 2001 ;
Miejsce wydania Poznań :
Nazwa wydawcy/dystrybutora Wydawnictwo Akademii Ekonomicznej
Data publikacji, dystrybucji/powstania dokumentu 2001.
300 ## - STREFA OPISU FIZYCZNEGO
Objętość 277 s. :
Inne cechy fizyczne wykr.. ;
Rozmiary 24 cm.
490 1# - STREFA SERII I DOKUMENTU WIELOCZĘŚCIOWEGO - FORMA NIE DO WYSZUKIWANIA
Tytuł i oznaczenie odpowiedzialności serii Materiały Dydaktyczne / Akademia Ekonomiczna w Poznaniu,
ISSN 1427-1117 ;
Numeracja w obrębie serii 92
504 ## - UWAGA DOTYCZĄCA BIBLIOGRAFII
Informacje o bibliografii Bibliogr.
650 #9 - HASŁO PRZEDMIOTOWE W FORMIE NAZWY OGÓLNEJ LUB JEDNOSTKOWEJ
Nazwa ogólna lub geograficzna Ekonometria
655 ## - TERMIN INDEKSOWY - OKREŚLENIE RODZAJU/FORMY DOKUMENTU
Określenie rodzaju/formy dokumentu Podręczniki akademickie
700 1# - HASŁO DODATKOWE - NAZWA OSOBOWA
Nazwa osobowa PANEK, Emil
Daty związane z nazwą (1948- ).
Określenie związku między hasłem a opisywanym materiałem Red.
830 #0 - HASŁO DODATKOWE SERII LUB DOKUMENTU WIELOCZĘŚCIOWEGO - TYTUŁ UJEDNOLICONY
Tytuł ujednolicony Materiały Dydaktyczne (Akademia Ekonomiczna w Poznaniu) ;
Oznaczenie tomu 92
856 ## - LOKALIZACJA I DOSTĘP DO ELEKTRONICZNYCH DOKUMENTÓW ZDALNYCH
Link (URL) http://koha.tu.koszalin.pl/cgi-bin/koha/opac-detail.pl?biblionumber=52393
Tekst linku Katalog online BPK
942 ## - DODATKOWE ELEMENTY (KOHA)
Typ dokumentu Książka
Egzemplarze
Wycofany Status egzemplarza Uszkodzony Dostępność Lokalizacja stała Lokalizacja bieżąca Miejsce przechowywania Sygnatura Kod kreskowy Ostatnio wypożyczono Typ dokumentu
      Dostępny Biblioteka Politechniki Koszalińskiej Biblioteka Politechniki Koszalińskiej Wypożyczalnia BG 80742 02332376 07.11.2018 Książka
© 2023 Biblioteka Politechniki Koszalińskiej :: KOHA